| 000 | 00398nam a22001457a 4500 | ||
|---|---|---|---|
| 008 | 250714b |||||||| |||| 00| 0 eng d | ||
| 020 | _a9780310513940 | ||
| 050 |
_aBS1965.5 _b.M68 |
||
| 100 | _aMounce William D. | ||
| 245 | _aInterlinear for the Rest of Us | ||
| 260 |
_aNP _bZondervan _c2006 |
||
| 300 | _axiv,913p | ||
| 650 | _aBible New Testament-Interlinear translations, English | ||
| 942 | _cBK | ||
| 999 |
_c4272 _d4272 |
||